[Event "Bundesliga 2324"]
[Site "Germany"]
[Date "2024.02.25"]
[Round "11.2"]
[White "Efimenko, Zahar"]
[Black "Dragnev, Valentin"]
[Result "1/2-1/2"]
[WhiteElo "2575"]
[BlackElo "2586"]
[PlyCount "48"]
[EventDate "2023.10.21"]
[EventType "team-tourn"]
[EventRounds "15"]
[EventCountry "GER"]
[SourceTitle "CB09_2024"]
[SourceDate "2024.02.28"]
[SourceVersion "1"]
[SourceVersionDate "2024.02.28"]
[SourceQuality "1"]
[WhiteTeam "Werder Bremen"]
[BlackTeam "Bayern Muenchen"]
[WhiteTeamCountry "GER"]
[BlackTeamCountry "GER"]

1. e4 e5 2. Nf3 Nc6 3. Bb5 a6 4. Ba4 Nf6 5. 0-0 Be7 6. d3 b5 7. Bb3 d6 8. a4 Bd7 9. c3 Na5 10. Bc2 c5 11. d4 Qb8 12. Bg5 Be6 13. Nbd2 h6 14. Bh4 0-0 15. Re1 cxd4 16. cxd4 Rc8 17. h3 Qb6 18. axb5 axb5 19. d5 Bd7 20. Bd3 b4 21. Qe2 Ra7 22. Rec1 Rac7 23. Rxc7 Rxc7 24. Qe3 Qc5 1/2-1/2

[Event "Bundesliga 2324"]
[Site "Germany"]
[Date "2023.12.03"]
[Round "4.8"]
[White "Efimenko, Zahar"]
[Black "Beerdsen, Thomas"]
[Result "1/2-1/2"]
[WhiteElo "2575"]
[BlackElo "2496"]
[PlyCount "127"]
[EventDate "2023.10.21"]
[EventType "team-tourn"]
[EventRounds "15"]
[EventCountry "GER"]
[SourceTitle "CB49_2023"]
[SourceDate "2023.12.06"]
[SourceVersion "1"]
[SourceVersionDate "2023.12.06"]
[SourceQuality "1"]
[WhiteTeam "Werder Bremen"]
[BlackTeam "Muelheim Nord"]
[WhiteTeamCountry "GER"]
[BlackTeamCountry "GER"]

1. e4 c5 2. Nf3 e6 3. d4 cxd4 4. Nxd4 Nc6 5. Nc3 Qc7 6. Be2 a6 7. 0-0 Nf6 8. Be3 Be7 9. f4 d6 10. Qe1 0-0 11. Qg3 Nxd4 12. Bxd4 b5 13. a3 Bb7 14. Kh1 Rad8 15. Rae1 Ne8 16. Qe3 Rc8 17. Bd3 e5 18. Bb6 exf4 19. Qf2 Qd7 20. Qxf4 Bf6 21. Nd5 Be5 22. Qh4 Bxd5 23. exd5 g6 24. Bd4 Nc7 25. Bxe5 dxe5 26. Bf5 Qd8 27. Qg3 Rb8 28. Rxe5 Rb6 29. Bd3 Nxd5 30. c4 bxc4 31. Bxc4 Nf6 32. b3 Rd6 33. h3 Rd1 34. Rxd1 Qxd1+ 35. Re1 Qd4 36. Qe5 Qh4 37. Rf1 Kg7 38. Qe7 a5 39. a4 Qd4 40. Qc7 h5 41. Qxa5 Ne4 42. Qc7 Kh6 43. Kh2 f5 44. a5 Ra8 45. a6 Nd2 46. Rxf5 Rxa6 47. Qf4+ Qxf4+ 48. Rxf4 Nxc4 49. Rxc4 Ra3 50. Rb4 Kg5 51. h4+ Kf5 52. Kg3 Ra1 53. Rb5+ Ke4 54. Rg5 Rb1 55. Rxg6 Rxb3+ 56. Kh2 Rb5 57. Kh3 Rb3+ 58. g3 Rb5 59. Rf6 Ke5 60. Rf3 Rb4 61. Rf8 Rb5 62. Kg2 Rb2+ 63. Kh3 Rb5 64. Kg2 1/2-1/2

[Event "Bundesliga 2223"]
[Site "Germany"]
[Date "2023.02.26"]
[Round "9.3"]
[White "Gupta, Abhijeet"]
[Black "Efimenko, Zahar"]
[Result "1-0"]
[WhiteElo "2607"]
[BlackElo "2599"]
[PlyCount "123"]
[EventDate "2022.10.21"]
[EventType "team-tourn"]
[EventRounds "15"]
[EventCountry "GER"]
[SourceTitle "CBM 213 Extra"]
[Source "ChessBase"]
[SourceDate "2023.05.31"]
[SourceVersion "1"]
[SourceVersionDate "2023.05.31"]
[SourceQuality "1"]
[WhiteTeam "Deizisau"]
[BlackTeam "Werder Bremen"]
[WhiteTeamCountry "GER"]
[BlackTeamCountry "GER"]

1. d4 d6 2. e4 g6 3. c4 Bg7 4. Nc3 c5 5. d5 Nf6 6. h3 0-0 7. Nf3 e6 8. Bd3 exd5 9. exd5 Re8+ 10. Be3 Nbd7 11. 0-0 Nh5 12. Qd2 f5 13. Rfe1 Ne5 14. Be2 f4 15. Bxf4 Nxf4 16. Qxf4 Bf5 17. Qd2 a6 18. Ng5 Bh6 19. h4 Nf7 20. f4 Nxg5 21. hxg5 Bg7 22. Bd3 Qd7 23. Kh2 Bd4 24. g3 Rab8 25. a4 Bxc3 26. Qxc3 Bxd3 27. Qxd3 Rxe1 28. Rxe1 Re8 29. Re4 Kf7 30. Rxe8 Qxe8 31. Qc3 Qe2+ 32. Kg1 Qd1+ 33. Kf2 Qxa4 34. Qf6+ Kg8 35. Qd8+ Kf7 36. Qc7+ Kg8 37. Qc8+ Kg7 38. Qxb7+ Kg8 39. Qc8+ Kg7 40. Qc7+ Kg8 41. Qd8+ Kf7 42. Qf6+ Kg8 43. Qe6+ Kg7 44. Qe2 Qb3 45. Kg2 Kf8 46. g4 Qb7 47. Kg3 Qg7 48. Qd2 a5 49. Kf3 a4 50. f5 gxf5 51. gxf5 Qe5 52. Qf4 Qxb2 53. Qxd6+ Kf7 54. Qd7+ Kf8 55. Qxa4 Qc3+ 56. Kg4 Qd4+ 57. Kh5 Qf4 58. Qa8+ Kf7 59. Qb7+ Kf8 60. Qc8+ Kf7 61. Qd7+ Kf8 62. Qd8+ 1-0

[Event "Bundesliga 2122"]
[Site "Germany"]
[Date "2022.07.09"]
[Round "14.3"]
[White "Efimenko, Zahar"]
[Black "Tomczak, Jacek"]
[Result "1/2-1/2"]
[WhiteElo "2597"]
[BlackElo "2584"]
[PlyCount "86"]
[EventDate "2022.03.05"]
[EventType "team-tourn"]
[EventRounds "15"]
[EventCountry "GER"]
[SourceTitle "CBM 209 Extra"]
[Source "ChessBase"]
[SourceDate "2022.09.30"]
[SourceVersion "1"]
[SourceVersionDate "2022.09.30"]
[SourceQuality "1"]
[WhiteTeam "Werder Bremen"]
[BlackTeam "Berlin SF"]
[WhiteTeamCountry "GER"]
[BlackTeamCountry "GER"]

1. Nf3 Nf6 2. g3 g6 3. Bg2 Bg7 4. 0-0 0-0 5. d4 d5 6. c4 c6 7. Nbd2 a5 8. b3 a4 9. Ba3 Re8 10. e3 Bf5 11. Qe2 Nbd7 12. Nh4 Be6 13. Rfc1 Qa5 14. b4 Qa6 15. b5 cxb5 16. cxb5 Qa5 17. Rab1 Rac8 18. Rxc8 Rxc8 19. Qd1 Bg4 20. Bf3 Bxf3 21. Nhxf3 e6 22. Rc1 Rc3 23. Rxc3 Qxc3 24. Qxa4 Qa1+ 25. Kg2 Qxa2 26. Qb3 Qxb3 27. Nxb3 Ne4 28. Bb4 Bf8 29. Bxf8 Kxf8 30. Ne5 Ke8 31. Na5 Nd6 32. Nxd7 Kxd7 33. b6 Kc8 34. Kf3 f6 35. h4 e5 36. dxe5 fxe5 37. Ke2 Ne4 38. g4 Nc5 39. f4 Kd7 40. Kd2 exf4 41. exf4 d4 42. Nxb7 Nxb7 43. Kd3 h5 1/2-1/2

[Event "Titled Tuesday intern op 25th Jan"]
[Site "Chess.com INT"]
[Date "2022.01.25"]
[Round "6"]
[White "Efimenko, Zahar"]
[Black "Al Hosani, Omran"]
[Result "1-0"]
[WhiteElo "2597"]
[BlackElo "2191"]
[PlyCount "101"]
[EventDate "2022.01.25"]
[EventType "swiss (blitz)"]
[EventRounds "11"]
[EventCountry "USA"]
[SourceTitle "CBM 206 Extra"]
[Source "ChessBase"]
[SourceDate "2022.03.31"]
[SourceVersion "1"]
[SourceVersionDate "2022.03.31"]
[SourceQuality "1"]

1. Nf3 Nf6 2. g3 g6 3. b3 Bg7 4. Bb2 0-0 5. Bg2 d6 6. d4 Nbd7 7. 0-0 e5 8. dxe5 Ng4 9. c4 Ngxe5 10. Nxe5 Nxe5 11. Nc3 a5 12. Qd2 Re8 13. h3 Bf5 14. f4 Nc6 15. e4 Bd7 16. Nd5 a4 17. b4 Be6 18. Bxg7 Kxg7 19. Qc3+ f6 20. a3 Bxd5 21. cxd5 Na7 22. Rae1 Nb5 23. Qb2 c6 24. dxc6 bxc6 25. Kh2 Qc7 26. Rc1 Rac8 27. e5 dxe5 28. Bxc6 Qxc6 29. Rxc6 Rxc6 30. Rc1 Rd6 31. fxe5 Rxe5 32. Rc5 Rde6 33. Rxe5 Rxe5 34. Qc2 g5 35. Qxa4 h5 36. Kg1 Kh6 37. Qa6 Nd4 38. Qd3 Rd5 39. Qe4 Rd6 40. a4 Ne6 41. a5 Ng7 42. b5 Rd1+ 43. Kf2 f5 44. Qe5 Kh7 45. a6 h4 46. gxh4 g4 47. hxg4 fxg4 48. Qe4+ Kg8 49. Qxg4 Rd2+ 50. Ke1 Ra2 51. Qc4+ 1-0

[Event "Titled Tuesday intern op 04th Jan"]
[Site "Chess.com INT"]
[Date "2022.01.04"]
[Round "11"]
[White "Bodnar, Nikolay"]
[Black "Efimenko, Zahar"]
[Result "1/2-1/2"]
[WhiteElo "2438"]
[BlackElo "2597"]
[PlyCount "74"]
[EventDate "2022.01.04"]
[EventType "swiss (blitz)"]
[EventRounds "11"]
[EventCountry "USA"]
[SourceTitle "EXT 2023"]
[Source "ChessBase"]
[SourceDate "2022.10.05"]
[SourceVersion "1"]
[SourceVersionDate "2022.10.05"]
[SourceQuality "1"]

1. Nf3 d6 2. c4 e5 3. Nc3 f5 4. d4 e4 5. Ng5 Be7 6. Nh3 Nf6 7. f3 0-0 8. Bg5 c6 9. e3 Na6 10. Qb3 Kh8 11. 0-0-0 Nc7 12. Nf4 Ne6 13. Nxe6 Bxe6 14. Bxf6 Bxf6 15. fxe4 Bg5 16. Re1 b5 17. d5 bxc4 18. Bxc4 Bd7 19. Kb1 Rb8 20. Qc2 Qa5 21. exf5 Bxf5 22. Bd3 Bf6 23. Rc1 Bxd3 24. Qxd3 cxd5 25. Ka1 Rb6 26. Rc2 Rfb8 27. Rhc1 h6 28. g3 Ra6 29. a3 Rab6 30. Ka2 Rb3 31. Qd2 a6 32. Nd1 Qb5 33. Nc3 Qc4 34. Ka1 Qc5 35. Ka2 Qc4 36. Ka1 Qc5 37. Ka2 Qc4 1/2-1/2

[Event "Titled Tuesday intern op 04th Jan"]
[Site "Chess.com INT"]
[Date "2022.01.04"]
[Round "4"]
[White "Efimenko, Zahar"]
[Black "Le Goff, Ronan"]
[Result "1-0"]
[WhiteElo "2597"]
[BlackElo "2280"]
[PlyCount "63"]
[EventDate "2022.01.04"]
[EventType "swiss (blitz)"]
[EventRounds "11"]
[EventCountry "USA"]
[SourceTitle "EXT 2023"]
[Source "ChessBase"]
[SourceDate "2022.10.05"]
[SourceVersion "1"]
[SourceVersionDate "2022.10.05"]
[SourceQuality "1"]

1. Nf3 Nf6 2. g3 g6 3. b3 Bg7 4. Bb2 0-0 5. Bg2 d5 6. c4 c6 7. 0-0 a5 8. d3 Bg4 9. Nbd2 Nbd7 10. h3 Bxf3 11. Nxf3 a4 12. b4 a3 13. Bc3 dxc4 14. dxc4 Nb6 15. Qb3 Qc8 16. Bd4 Nbd7 17. c5 Rd8 18. Rad1 Nf8 19. Ng5 e6 20. Rd3 h6 21. Bxf6 Rxd3 22. Qxd3 Bxf6 23. Ne4 Bg7 24. Rd1 Nh7 25. Nd6 Qc7 26. b5 cxb5 27. Qxb5 Rb8 28. Nxb7 Nf6 29. c6 h5 30. Qa5 Qe7 31. c7 Rc8 32. Rd8+ 1-0

[Event "Titled Tuesday intern op 04th Jan"]
[Site "Chess.com INT"]
[Date "2022.01.04"]
[Round "7"]
[White "Efimenko, Zahar"]
[Black "Paravyan, David"]
[Result "0-1"]
[WhiteElo "2597"]
[BlackElo "2617"]
[PlyCount "50"]
[EventDate "2022.01.04"]
[EventType "swiss (blitz)"]
[EventRounds "11"]
[EventCountry "USA"]
[SourceTitle "EXT 2023"]
[Source "ChessBase"]
[SourceDate "2022.10.05"]
[SourceVersion "1"]
[SourceVersionDate "2022.10.05"]
[SourceQuality "1"]

1. Nf3 Nf6 2. g3 g6 3. b3 d5 4. Bb2 c5 5. Bg2 Nc6 6. 0-0 Bg7 7. Ne5 h5 8. h4 Nxe5 9. Bxe5 Bg4 10. Nc3 0-0 11. d4 cxd4 12. Qxd4 Rc8 13. Rac1 Bh6 14. e3 Nd7 15. Nxd5 Nxe5 16. Qxe5 Re8 17. c4 Bg7 18. Qg5 Kh7 19. f3 Be6 20. Nf4 Bf5 21. e4 f6 22. exf5 fxg5 23. fxg6+ Kh8 24. hxg5 Be5 25. Ne6 Qb6+ 0-1

[Event "Titled Tuesday intern op 04th Jan"]
[Site "Chess.com INT"]
[Date "2022.01.04"]
[Round "3"]
[White "Rodchenkov, Sergey D"]
[Black "Efimenko, Zahar"]
[Result "0-1"]
[WhiteElo "2346"]
[BlackElo "2597"]
[PlyCount "58"]
[EventDate "2022.01.04"]
[EventType "swiss (blitz)"]
[EventRounds "11"]
[EventCountry "USA"]
[SourceTitle "EXT 2023"]
[Source "ChessBase"]
[SourceDate "2022.10.05"]
[SourceVersion "1"]
[SourceVersionDate "2022.10.05"]
[SourceQuality "1"]

1. e4 d6 2. d4 g6 3. Nc3 Bg7 4. Be3 a6 5. h4 Nf6 6. Nh3 Bxh3 7. Rxh3 Nbd7 8. f3 b5 9. a4 b4 10. Nb1 c5 11. d5 h5 12. Nd2 0-0 13. a5 Ne5 14. Nc4 Nxc4 15. Bxc4 Nd7 16. Ra2 Ne5 17. Be2 Qd7 18. Rh1 f5 19. f4 Ng4 20. Bxg4 fxg4 21. Qd3 e6 22. Ke2 Kh7 23. b3 Rae8 24. Rd1 Qe7 25. dxe6 Qxe6 26. Kf2 Rf6 27. Qd5 Qxe4 28. Qxe4 Rxe4 29. Rxd6 Rxd6 0-1

[Event "Wch Blitz"]
[Site "Warsaw"]
[Date "2021.12.30"]
[Round "13"]
[White "Efimenko, Zahar"]
[Black "Kolosowski, Mateusz"]
[Result "1/2-1/2"]
[WhiteElo "2597"]
[BlackElo "2444"]
[PlyCount "54"]
[EventDate "2021.12.29"]
[EventType "swiss (blitz)"]
[EventRounds "21"]
[EventCountry "POL"]
[SourceTitle "CBM 205 Extra"]
[Source "ChessBase"]
[SourceDate "2022.01.31"]
[SourceVersion "1"]
[SourceVersionDate "2022.01.31"]
[SourceQuality "1"]

1. Nf3 Nf6 2. g3 g6 3. b3 Bg7 4. Bb2 0-0 5. Bg2 d5 6. c4 c6 7. 0-0 Bf5 8. d3 a5 9. Nbd2 a4 10. Qc2 Na6 11. Bc3 axb3 12. axb3 Qc8 13. Rfe1 Re8 14. Qb2 Bh3 15. Bh1 b5 16. cxb5 cxb5 17. b4 Qb7 18. Nb3 Rec8 19. Bd4 Qd7 20. Ra5 Nc7 21. Nc5 Qc6 22. Rea1 Rxa5 23. bxa5 Ra8 24. Ne5 Qd6 25. a6 Nxa6 26. Qxb5 Nc7 27. Rxa8+ Nxa8 1/2-1/2

[Event "Wch Blitz"]
[Site "Warsaw"]
[Date "2021.12.30"]
[Round "14"]
[White "Theodorou, Nikolas"]
[Black "Efimenko, Zahar"]
[Result "1-0"]
[WhiteElo "2577"]
[BlackElo "2597"]
[PlyCount "98"]
[EventDate "2021.12.29"]
[EventType "swiss (blitz)"]
[EventRounds "21"]
[EventCountry "POL"]
[SourceTitle "CBM 205 Extra"]
[Source "ChessBase"]
[SourceDate "2022.01.31"]
[SourceVersion "1"]
[SourceVersionDate "2022.01.31"]
[SourceQuality "1"]

1. d4 d6 2. Nf3 g6 3. Nbd2 Bg7 4. e4 Nf6 5. Bd3 0-0 6. 0-0 Nc6 7. Re1 e5 8. dxe5 Nxe5 9. Nxe5 dxe5 10. Nf3 Nh5 11. Bg5 Qd6 12. Bc4 Qb4 13. Bb3 h6 14. a3 Qc5 15. Be3 Qe7 16. h3 Be6 17. Qd3 Rfd8 18. Qc3 c6 19. Bxe6 Qxe6 20. Rad1 b6 21. a4 Nf4 22. Qb3 Qxb3 23. cxb3 Ne6 24. b4 f5 25. Bd2 Nd4 26. Nxd4 Rxd4 27. Bc3 Rxd1 28. Rxd1 fxe4 29. Rd7 a6 30. Rd6 b5 31. a5 Rc8 32. Rxg6 Kf7 33. Rg4 Bf6 34. Rxe4 c5 35. bxc5 Rxc5 36. f4 Ke6 37. Bxe5 Rc1+ 38. Kh2 Kf5 39. Re2 Bxe5 40. Rxe5+ Kf6 41. Re2 Rc4 42. Kg3 Ra4 43. Kg4 Rxa5 44. Rc2 Ra4 45. Rc6+ Kg7 46. Kf5 Rc4 47. Rxc4 bxc4 48. Ke4 Kf6 49. g4 a5 1-0

[Event "Wch Blitz"]
[Site "Warsaw"]
[Date "2021.12.29"]
[Round "11"]
[White "Efimenko, Zahar"]
[Black "Zilka, Stepan"]
[Result "1/2-1/2"]
[WhiteElo "2597"]
[BlackElo "2608"]
[PlyCount "78"]
[EventDate "2021.12.29"]
[EventType "swiss (blitz)"]
[EventRounds "21"]
[EventCountry "POL"]
[SourceTitle "CBM 205 Extra"]
[Source "ChessBase"]
[SourceDate "2022.01.31"]
[SourceVersion "1"]
[SourceVersionDate "2022.01.31"]
[SourceQuality "1"]

1. Nf3 d5 2. g3 c6 3. Bg2 Nf6 4. 0-0 Bf5 5. c4 e6 6. cxd5 exd5 7. d3 Be7 8. Qb3 Qb6 9. Qc2 0-0 10. Nc3 h6 11. e4 dxe4 12. dxe4 Bh7 13. Be3 Qa6 14. Nd4 Nbd7 15. f3 Rad8 16. Rad1 Ne5 17. Kh1 Nc4 18. Bf2 b5 19. b3 Na3 20. Qc1 c5 21. Nc2 c4 22. Nxa3 Bxa3 23. Qc2 Rc8 24. Bd4 Rfd8 25. Bh3 cxb3 26. Qxb3 Rb8 27. e5 b4 28. exf6 bxc3 29. Qxc3 Bb2 30. Qe3 Bxd4 31. Rxd4 Qxf6 32. Rxd8+ Rxd8 33. Qxa7 Bd3 34. Rf2 Bc4 35. Bf1 Rd1 36. Qa8+ Rd8 37. Qa4 Bxf1 38. Rxf1 Qb2 39. Qe4 Qxa2 1/2-1/2